00333pab a2200121 454500008004000000100001900040245005500059260000900114300001100123650002600134650001800160773003300178180718b2000 xxu||||| |||| 00| 0 eng d aSmyth, Russell aAsset stripping in Chinese state owned enterprises c2000 ap.3-16 aPublic sector - China aPublic sector aJournal of Contemporary Asia